Statistics for Counting to 100 in Base 2 (Binary)

Click here to take the quiz!

General Stats

  • This quiz has been taken 141 times
  • The average score is 71 of 101

Answer Stats

Base 10Base 2(Binary)% Correct
00
99%
11
97%
210
94%
311
93%
4100
86%
5101
86%
6110
83%
81000
82%
91001
82%
7111
82%
101010
81%
111011
81%
121100
80%
131101
80%
141110
79%
151111
79%
1610000
78%
1710001
77%
1810010
77%
1910011
76%
2010100
76%
2110101
76%
2210110
76%
2310111
76%
2411000
76%
2511001
76%
2611010
76%
2711011
75%
2811100
75%
2911101
75%
3011110
75%
3111111
75%
32100000
73%
33100001
72%
34100010
71%
35100011
70%
36100100
70%
37100101
69%
38100110
69%
39100111
69%
40101000
68%
41101001
68%
42101010
68%
43101011
68%
44101100
68%
45101101
68%
46101110
68%
47101111
68%
48110000
68%
49110001
68%
50110010
68%
51110011
68%
52110100
68%
53110101
67%
641000000
66%
54110110
66%
55110111
66%
56111000
66%
57111001
66%
58111010
66%
59111011
66%
60111100
66%
61111101
66%
62111110
66%
63111111
66%
651000001
64%
661000010
64%
671000011
64%
681000100
64%
691000101
64%
701000110
64%
711000111
64%
721001000
64%
731001001
64%
741001010
64%
751001011
64%
761001100
64%
771001101
64%
781001110
64%
791001111
64%
801010000
64%
811010001
64%
821010010
64%
831010011
64%
841010100
64%
851010101
64%
861010110
64%
871010111
64%
881011000
64%
891011001
64%
901011010
63%
911011011
63%
921011100
63%
931011101
63%
941011110
63%
951011111
63%
961100000
63%
971100001
63%
981100010
63%
991100011
63%
1001100100
63%

Score Distribution

Percentile by Number Answered

Percent of People with Each Score

Your Score History

You have not taken this quiz